| 000 | 00000nam##2200000za#4500 |
| 001 | 9.613806 |
| 003 | CaOODSP |
| 005 | 20200327180434 |
| 007 | ta |
| 008 | 150406|1996||||xxc||||| f|0| 0 eng|d |
| 020 | |a0-662-25772-3 |
| 040 | |aCaOODSP|beng |
| 043 | |an-cn--- |
| 086 | 1 |aF21-4/96-5E |
| 110 | 1 |aCanada. |bDepartment of Finance. |
| 245 | 14|aThe integration of corporate and personal taxes in Europe : |bthe role of minimum taxes on dividend payments / |cby Michael P. Devereux. |
| 260 | |aOttawa - Ontario : |bFinance Canada |c1996. |
| 300 | |a28p. : |breferences, tables ; |c28 cm. |
| 490 | 1 |aWorking paper|v96-5 |
| 500 | |a"This paper examines minimum taxes on dividends which form of the imputation systems in France, Germany, Italy and the United Kingdom."--Abstract. |
| 520 | 3 |aThis paper examines minimum taxes on dividends which form of the imputation systems in France, Germany, Italy and the United Kingdom.--Abstract |
| 563 | |aSoftcover |
| 590 | |a97-18|b1997-05-02 |
| 690 | 07|aTaxes|2gcpds |
| 720 | 1 |aDevereux, Michael P. |
| 775 | 08|tL'intégration des impôts des sociétés et des particuliers en Europe : |w(CaOODSP)9.624353 |
| 776 | 0#|tThe integration of corporate and personal taxes in Europe : |w(CaOODSP)9.572337 |
| 830 | #0|aWorking paper ;|v96-5|w(CaOODSP)9.514611 |